000 00775nam a2200253 i 4500
001 000047346
003 DO-SdBNP
005 20231002115409.0
007 ta
008 130709s1971 dr a 000 0 spa d
040 _aDO-SdBNP
_bspa
_cBNPHU
_erda
082 4 _222
100 1 _aVincent Cepeda, Rosa A.
_935868
_eautor
245 1 0 _aManual de geografía general y especial de América /
_cRosa A. Vincent Cepeda.
264 _aSanto Domingo :
_bAmigo del Hogar,
_c1971.
300 _a230 páginas :
_bilustraciones ;
_c24 cm.
336 _2rdacontent
_atexto
_btxt
337 _2rdamedia
_asin mediación
_bn
338 _2rdacarrier
_avolumen
_bnc
504 _aBibliografía : p. 230-231
590 _aInventariado, 2018/ YL
910 _aBtavárez
942 _2ddc
_cLBS1
999 _c46834
_d46834